000 00417nam a22001697a 4500
005 20230117110032.0
008 220215b ||||| |||| 00| 0 eng d
020 _a9789331317377
041 _aeng
082 _a610
_bVIJ-E
100 _aVIJAYACHALI , S.S
_97119
245 _aELDERLY ; HEALTH AND NUTRATION
260 _bA.P.H PUBLICATION
300 _a234;P
650 _aPHARMACY
_xB.PHARMA
_97083
942 _cBK
999 _c7944
_d7942